Literature by Letter - L - Statistics

General Stats
  • This quiz has been taken 23,120 times
    23,093 since last reset
  • The average score is 14 of 20
Answer Stats
Hint Answer % Correct
J.R.R. Tolkien's epic fantasy trilogy Lord of the Rings, The
98%
Item that imprisons a genie in "The Arabian Nights" Magic {Lamp}
89%
Language of Ovid and Virgil Latin
85%
Knight of the Round Table who had an affair with Guinevere Lancelot
84%
In this novel, a boy survives 227 days at sea with a Bengal tiger Life of Pi
81%
First book of "The Chronicles of Narnia" Lion, the Witch and the Wardrobe, The
81%
British boys revert to savagery when stranded on an island Lord of the Flies
80%
Shakespeare king with three daughters: Regan, Goneril and Cordelia Lear
79%
A five line, typically bawdy poem, associated with Irish literature Limerick
79%
Series of novels about pioneer days by Laura Ingalls Wilder {Little} {House} on the Prairie
78%
She wrote "To Kill a Mockingbird" Harper Lee
76%
Nabokov novel about a man who loved underage girls Lolita
72%
In this book, Jo, Meg, Amy, and Beth must cope with their father's absence during the US Civil War Little Women
71%
Generation of writers who came of age during WWI {Lost} Generation
69%
Term for an official government poet Poet {Laureate}
67%
Island of tiny people visited by Gulliver Lilliput
66%
"White Fang" and "Call of the Wild" author Jack London
52%
Antoine de Saint-Exupéry novel about a boy from Asteroid B-612 Little Prince, The
48%
Creator of Cthulhu and other old gods H.P. Lovecraft
38%
Author of the nearly-banned "Lady Chatterley's Lover" D.H. Lawrence
33%
No matching quizzes found
Score Distribution
Percent of People with Each Score
Percentile by Number Answered
Your Score History
You have not taken this quiz since the last reset